Advanced examination techniques in orthopaedics

This book covers clinical examination in orthopaedics at an advanced level, bringing together important techniques and concepts that can normally only be found in large, specialist surgical texts. It adopts a systemic approach, taking each region in turn, and uses bullet points, key information tabl...

Description complète

Enregistré dans:
Détails bibliographiques
Format: Livre
Langue:Undetermined
Publié: London,San Francisco GMM 2003
Sujets:
Tags: Ajouter un tag
Pas de tags, Soyez le premier à ajouter un tag!
Thư viện lưu trữ: Trung tâm Học liệu Trường Đại học Cần Thơ
LEADER 01205nam a2200205Ia 4500
001 CTU_160243
008 210402s9999 xx 000 0 und d
020 |c 161.19 
082 |a 617.3 
082 |b A191 
245 0 |a Advanced examination techniques in orthopaedics 
245 0 |c Edited by Nick Harris; Assistant editor David Stanley 
260 |a London,San Francisco 
260 |b GMM 
260 |c 2003 
520 |a This book covers clinical examination in orthopaedics at an advanced level, bringing together important techniques and concepts that can normally only be found in large, specialist surgical texts. It adopts a systemic approach, taking each region in turn, and uses bullet points, key information tables, algorithms, summary boxes and clear photographs or line drawings to present information in an easy-to-read way and to and highlight important hints and common pitfalls 
650 |a Radiography in orthopedics,Bone Diseases,Diagnostic Imaging,Orthopedics,Chẩn đoán hình ảnh trong phẫu thuật,Phẫu thuật chỉnh hình 
650 |x diagnosis,methods,phương pháp 
910 |a Nguyên 
980 |a Trung tâm Học liệu Trường Đại học Cần Thơ